[Event "World ol U16"]
[Site "Ahmedabad"]
[Date "2017.12.16"]
[Round "7.4"]
[White "Adhikari, Krish"]
[Black "Wanjala, Dorcus"]
[Result "1-0"]
[WhiteElo "1603"]
[BlackElo "1218"]
[PlyCount "81"]
[EventDate "2017.12.11"]
[EventType "team-swiss"]
[EventRounds "9"]
[EventCountry "IND"]
[SourceTitle "CBM 182 Extra"]
[Source "ChessBase"]
[SourceDate "2018.02.23"]
[SourceVersion "1"]
[SourceVersionDate "2018.02.23"]
[SourceQuality "1"]
[WhiteTeam "Nepal II"]
[BlackTeam "Kenya II"]
[WhiteTeamCountry "NEP"]
[BlackTeamCountry "KEN"]

1. d4 d5 2. Bf4 Bf5 3. e3 Nf6 4. Bd3 Qd7 5. Bxf5 Qxf5 6. Bxc7 Nc6 7. Nf3 Nb4 8. 0-0 Nxc2 9. Nh4 Qe4 10. Nc3 Qxh4 11. Qxc2 e6 12. Bg3 Qh5 13. Nb5 Rd8 14. Nxa7 Bd6 15. Bxd6 Rxd6 16. Qc8+ Rd8 17. Qxb7 0-0 18. Qb3 Ne4 19. Qd3 f5 20. f3 Ng5 21. Nc6 Rd7 22. Ne5 Rdd8 23. f4 Ne4 24. Rfe1 Rf6 25. Qe2 Qh4 26. g3 Qh3 27. Qg2 Qh5 28. a4 Kh8 29. a5 Rg8 30. a6 Rff8 31. b4 g5 32. fxg5 Rxg5 33. b5 Rfg8 34. a7 Nxg3 35. a8Q Ne2+ 36. Rxe2 Rxg2+ 37. Rxg2 Re8 38. b6 h6 39. b7 Rxa8 40. bxa8Q+ Kh7 41. Ra7+ 1-0

[Event "World ol U16"]
[Site "Ahmedabad"]
[Date "2017.12.12"]
[Round "2.4"]
[White "Al Fayyadh, Yamama Asif Abdula"]
[Black "Adhikari, Krish"]
[Result "1-0"]
[WhiteElo "1718"]
[BlackElo "1603"]
[PlyCount "31"]
[EventDate "2017.12.11"]
[EventType "team-swiss"]
[EventRounds "9"]
[EventCountry "IND"]
[SourceTitle "CBM 182 Extra"]
[Source "ChessBase"]
[SourceDate "2018.02.23"]
[SourceVersion "1"]
[SourceVersionDate "2018.02.23"]
[SourceQuality "1"]
[WhiteTeam "Iraq"]
[BlackTeam "Nepal II"]
[WhiteTeamCountry "IRQ"]
[BlackTeamCountry "NEP"]

1. e4 d5 2. exd5 Nf6 3. Nc3 Nxd5 4. Bc4 Nxc3 5. Qf3 e6 6. dxc3 Nc6 7. Bf4 Qf6 8. Bxc7 Be7 9. Bb5 Qxf3 10. Nxf3 a6 11. Bxc6+ bxc6 12. Ne5 c5 13. Rd1 0-0 14. Nc6 Re8 15. Nxe7+ Rxe7 16. Rd8+ 1-0